[Event "ch-BEL Expert"]
[Site "Namur BEL"]
[Date "2007.07.01"]
[Round "2"]
[White "Dgebuadze,A"]
[Black "Van Mechelen,J"]
[Result "1/2-1/2"]
[WhiteElo "2510"]
[BlackElo "2279"]

1.e4 c5 2.Nf3 d6 3.d4 cxd4 4.Nxd4 Nf6 5.Nc3 a6 6.Be3 e5 7.Nf3 Qc7 8.a4 Be7
9.a5 Nbd7 10.Nd2 b5 11.axb6 Nxb6 12.Bxb6 Qxb6 13.Nc4 Qc5 14.Bd3 Be6 15.Ne3 O-O
16.O-O a5 17.Qd2 Rfc8 18.Ra3 Rab8 19.Ncd5 Bxd5 20.Rxa5 Qb4 21.Qxb4 Rxb4 22.Nxd5 Nxd5
23.Rxd5 Rxb2 24.Ra1 Rcb8 25.g3 Rb1+ 26.Rxb1 Rxb1+ 27.Kg2 Rb7 28.Kf3 Rc7 29.Ra5 g6
30.Ke3 Kg7 31.Ra4 Rb7 32.Bc4 Bd8 33.Ke2 Bb6 34.Rb4 Rb8 35.Bd5 Ba7 36.c3 Kf8
37.f3 Ke7 38.Kd3 Rxb4 39.cxb4 f6 40.Bg8 h6 41.Kc4 Bg1 42.h3 Bf2 43.g4 h5
44.Kd5 hxg4 45.fxg4 Kd7 46.Bh7 g5 47.Bf5+ Kc7 48.Ke6 Kc6 49.Kxf6 Be3 50.Ke7 Kb5
51.Kxd6 Bf4 52.Ke6 Kxb4 53.Kf6 Kc4 54.Kg6 Kc5 55.Bc8 Be3 56.Ba6 Kd4 57.Kf5 Bf4
58.Bb7 Ke3 59.Ba6 Kf2  1/2-1/2

[Event "Kotov Mem"]
[Site "Tula RUS"]
[Date "2007.07.01"]
[Round "3"]
[White "Yagupov,I"]
[Black "Kovchan,A"]
[Result "1/2-1/2"]
[WhiteElo "2494"]
[BlackElo "2527"]

1.e4 c5 2.Nf3 d6 3.d4 cxd4 4.Nxd4 Nf6 5.Nc3 a6 6.Be3 e5 7.Nb3 Be6 8.Qd2 Nbd7
9.f4 exf4 10.Bxf4 Ne5 11.O-O-O Be7 12.Nd4 O-O 13.Nf5 Bxf5 14.exf5 Nh5 15.Be3 Ng4
16.Kb1 Nxe3 17.Qxe3 Bf6 18.g4 Re8 19.Ne4 d5 20.Bg2 Qa5 21.Nxf6+ Nxf6 22.Qd4 Rad8
23.h4 Ne4 24.c3 Qc7 25.Rhe1 b5 26.Bxe4 dxe4 27.Rxe4 Rf8 28.Qg1 h6 29.Red4 Rxd4
30.Qxd4 Qg3 31.h5 Re8 32.a4 Re2 33.axb5 axb5 34.Qb4 Qe5 35.Ka2 Qe8 36.Qa5 Kh7
37.Rd8 Qc6 38.Rd4 Re8 39.Kb3  1/2-1/2

[Event "Spring A"]
[Site "Volodarskij RUS"]
[Date "2007.07.01"]
[Round "7"]
[White "Arakeljan,Alex"]
[Black "Zargarian,R"]
[Result "1/2-1/2"]
[WhiteElo "2338"]
[BlackElo "2302"]

1.e4 c5 2.Nf3 d6 3.d4 cxd4 4.Nxd4 Nf6 5.Nc3 a6 6.Be3 e5 7.Nb3 Be6 8.f3 Be7
9.Qd2 O-O 10.O-O-O Nbd7 11.g4 b5 12.g5 b4 13.Ne2 Ne8 14.f4 a5 15.f5 a4 16.fxe6 axb3
17.exf7+ Rxf7 18.cxb3 Rxa2 19.Kb1 Qa8 20.Nc1 Ra1+ 21.Kc2 Rxf1 22.Rhxf1 Qc8+
23.Kd3 Qa6+ 24.Kc2 Qc8+  1/2-1/2

[Event "Tespo Engineering"]
[Site "Brno CZE"]
[Date "2007.07.02"]
[Round "4"]
[White "Cernousek,L"]
[Black "Zilka,S"]
[Result "1-0"]
[WhiteElo "2411"]
[BlackElo "2419"]

1.e4 c5 2.Nf3 d6 3.d4 cxd4 4.Nxd4 Nf6 5.Nc3 a6 6.Be3 e5 7.Nb3 Be7 8.f3 Nbd7
9.Qd2 b5 10.a4 b4 11.Nd5 Nxd5 12.exd5 a5 13.Bb5 Bb7 14.c3 O-O 15.O-O Nb6
16.c4 Qc7 17.Rac1 Nd7 18.f4 Bf6 19.f5 Be7 20.Qc2 f6 21.Bxd7 Qxd7 22.Nd2 Rac8
23.Qd3 Rf7 24.b3 Kh8 25.Ne4 Rg8 26.Rf3 Bc8 27.Rcf1 g6 28.Ng3 Qd8 29.Qe4 Rfg7
30.Bh6 Rf7 31.Be3 Rfg7 32.Bh6 Rf7 33.Qh4 Bd7 34.fxg6 Rxg6 35.Nf5 Bxf5 36.Rxf5 Qg8
37.R1f2 Bd8 38.Be3 Rg4 39.Qh3 Qg6 40.c5 dxc5 41.Bxc5 Rg7 42.d6 Re4 43.Kf1 Qe8
44.Qd3 Qc6 45.Rc2 Rgg4 46.Rff2 Qd7 47.h3 Rh4 48.g4 Qb7 49.Qf3 Qa6+ 50.Kg2 Rf4
51.Qd5 h5 52.Kg3 Rxh3+ 53.Kxh3 Rd4 54.Bxd4 Qd3+ 55.Qf3 hxg4+ 56.Kxg4 Qg6+
57.Kh3  1-0

[Event "White Nights"]
[Site "St Petersburg RUS"]
[Date "2007.07.02"]
[Round "8"]
[White "Nikolaev,Y"]
[Black "Romanov,Va"]
[Result "1-0"]
[WhiteElo "2114"]
[BlackElo "2006"]

1.e4 c5 2.Nf3 d6 3.d4 cxd4 4.Nxd4 Nf6 5.Nc3 a6 6.Be3 e5 7.Nb3 Be6 8.Qd2 Be7
9.O-O-O Nbd7 10.f3 b5 11.g4 h6 12.h4 Nb6 13.Qf2 Nfd7 14.Kb1 Qc7 15.Rg1 Nc4
16.Bxc4 bxc4 17.Nc1 Rb8 18.N1e2 Qb7 19.Bc1 Nc5 20.f4 exf4 21.g5 hxg5 22.hxg5 Rh3
23.Qd4 Bf8 24.Rh1 Re3 25.Nxf4 Rxc3 26.Qxc3 Na4 27.Qd4 Qb4 28.Ka1 c3 29.Qxb4 Rxb4
30.Nxe6 fxe6 31.b3 Nb2 32.Rde1 Be7 33.Rh3 Rd4 34.Rxc3 Nd1 35.Rd3 Rxd3 36.cxd3 Nf2
37.d4 Nd3 38.Rf1 Nxc1 39.Rxc1 Bxg5 40.Rc6 Kd7 41.Rxa6 Bf6 42.Kb1 Bxd4 43.Kc2 g5
44.Kd3 Be5 45.Ke3 g4 46.Ra5 Bh2 47.Rh5 Be5 48.Rxe5 dxe5 49.a4 Kc6 50.b4 Kb6
51.Kf2  1-0

[Event "Asian Youth GU18"]
[Site "Tashkent UZB"]
[Date "2007.07.02"]
[Round "5"]
[White "Muminova,N"]
[Black "Lakshmi,Sah"]
[Result "1/2-1/2"]
[WhiteElo "2138"]
[BlackElo "2134"]

1.e4 c5 2.Nf3 d6 3.d4 cxd4 4.Nxd4 Nf6 5.Nc3 a6 6.Be3 e5 7.Nb3 Be7 8.f3 O-O
9.Qd2 Be6 10.O-O-O b5 11.g4 Nbd7 12.g5 Nh5 13.Nd5 Bxd5 14.exd5 f5 15.gxf6 Rxf6
16.Na5 Qe8 17.Nc6 Bf8 18.Bd3 Qc8 19.Rhg1 Qc7 20.Be4 Nf4 21.Rg4 g6 22.Kb1 a5
23.Bxf4 exf4 24.Rxf4 Bg7 25.Rg4 Nb6 26.Bd3 b4 27.Re4 Rf7 28.Bb5 Nd7 29.Rde1 Qb6
30.Bf1 Rxf3 31.Re7 Nc5 32.Nd4 Rf7 33.Rxf7 Kxf7 34.Qf2+ Kg8 35.Ne6 Na4 36.Qxb6 Nxb6
37.Nxg7 Kxg7 38.Re7+ Kh8 39.Bg2 Rf8 40.Re2 Nxd5 41.c4 Nf4 42.Rf2 Kg7 43.Bc6 g5
44.h3 Ne6 45.Rxf8 Kxf8 46.Be4  1/2-1/2

[Event "Kotov Mem"]
[Site "Tula RUS"]
[Date "2007.07.03"]
[Round "6"]
[White "Kovchan,A"]
[Black "Leonov,M1"]
[Result "1-0"]
[WhiteElo "2527"]
[BlackElo "2441"]

1.e4 c5 2.Nf3 d6 3.d4 cxd4 4.Nxd4 Nf6 5.Nc3 a6 6.Be3 e6 7.f3 b5 8.g4 h6 9.Qd2 Bb7
10.O-O-O Nbd7 11.h4 b4 12.Na4 Qa5 13.b3 Rc8 14.a3 Nc5 15.axb4 Nxb3+ 16.Nxb3 Qxa4
17.Kb2 d5 18.c3 dxe4 19.Na5 Bd5 20.Ra1 Qd7 21.Bxa6 Ra8 22.Nc4 Bxc4 23.Bb5  1-0

[Event "Asian Youth BU16"]
[Site "Tashkent UZB"]
[Date "2007.07.04"]
[Round "6"]
[White "Rahimov,R"]
[Black "Mustafaev,J"]
[Result "0-1"]
[WhiteElo "2099"]
[BlackElo "2232"]

1.e4 c5 2.Nf3 d6 3.d4 cxd4 4.Nxd4 Nf6 5.Nc3 a6 6.Be3 e6 7.g4 b5 8.f3 h6 9.Qd2 Nbd7
10.O-O-O b4 11.Na4 Qa5 12.b3 Bb7 13.Kb1 Rc8 14.Bd3 Nc5 15.Nxc5 dxc5 16.Ne2 Rd8
17.Qc1 Nd7 18.Bf4 Be7 19.h4 c4 20.Bxc4 Ne5 21.Rxd8+ Bxd8 22.Bxe5 Qxe5 23.Qb2 Qf6
24.Qxf6 Bxf6 25.Nf4 a5 26.h5 Ke7 27.Bxe6 Bg5 28.Bd5 Bxf4 29.Bxb7 Rd8 30.Bd5 Kf6
31.Rd1 g6 32.Rh1 Rd7 33.Kb2 Rc7 34.Bc4 Kg5 35.Rd1 Be5+ 36.Kc1 gxh5 37.Rd5 f6
38.gxh5 Kf4 39.Rxa5 Rg7 40.Ra8 Rg1+ 41.Kd2 Bc3+ 42.Ke2 Rg2+ 43.Kf1 Kxf3 44.Rd8 Rxc2
45.Rd3+ Kxe4 46.Rh3 Rxa2 47.Rh4+ Kf3 48.Rh3+ Kg4 49.Be6+ f5 50.Rd3 Rh2 51.Rd5 Rxh5
52.Rc5 Kf4 53.Bc8 Rg5  0-1

[Event "REDA"]
[Site "Brno CZE"]
[Date "2007.07.05"]
[Round "8"]
[White "Skinke,K"]
[Black "Lahner,J"]
[Result "0-1"]
[WhiteElo "2175"]
[BlackElo "2312"]

1.e4 c5 2.Nf3 d6 3.d4 cxd4 4.Nxd4 Nf6 5.Nc3 a6 6.Be3 e6 7.Qd2 b5 8.f3 Nbd7
9.g4 h6 10.O-O-O Bb7 11.g5 hxg5 12.Bxg5 Be7 13.Rg1 g6 14.Bd3 Nc5 15.h4 Qa5
16.Kb1 e5 17.Nb3 Nxb3 18.axb3 Qc7 19.Rde1 O-O-O 20.Qf2 Bc6 21.f4 exf4 22.Qxf4 Nh5
23.Qxf7 Bxg5 24.Qxc7+ Kxc7 25.Rxg5 Nf4 26.Rg4 Rdf8 27.Ne2 Nxe2 28.Bxe2 Bd7
29.Rxg6 Rxh4 30.Bd3 Re8 31.Rg7 Kd8 32.Rf1 Re7 33.Rf8+ Be8 34.Rgg8 Rh5 35.Ka2 Rhe5
36.Ka3 a5 37.Rf5 b4+ 38.Ka2 Kc7 39.Kb1 a4 40.bxa4 Rxf5 41.exf5 Re1+ 42.Ka2 Bf7+  0-1

[Event "Open A"]
[Site "Kowalewo Pomorskie POL "]
[Date "2007.07.05"]
[Round "3"]
[White "Hiszczynski,J"]
[Black "Bieganowski,R"]
[Result "1/2-1/2"]
[WhiteElo "2010"]
[BlackElo "1964"]

1.e4 c5 2.Nf3 d6 3.d4 cxd4 4.Nxd4 Nf6 5.Nc3 a6 6.Be3 e6 7.Be2 Nbd7 8.O-O Nc5
9.Bf3 Be7 10.Nb3 Nxb3 11.axb3 O-O 12.Qd2 Nd7 13.Rfd1 Ne5 14.Be2 Bd7 15.f4 Ng6
16.Bd3 Bc6 17.Qf2 Qc8 18.Na4 Qe8 19.Nb6 Rb8 20.Rd2 Bd8 21.c4 Bc7 22.Bc2 Qe7
23.Rad1 Rbd8 24.g3 Rfe8 25.Kf1 Nf8 26.Kg1 h6 27.Re1 Nh7  1/2-1/2

[Event "Ikaros Festival"]
[Site "Agios Kirykos GRE"]
[Date "2007.07.09"]
[Round "3"]
[White "Eyo Castro Rial,A"]
[Black "Zagrebelny,S"]
[Result "0-1"]
[WhiteElo "2192"]
[BlackElo "2482"]

1.e4 c5 2.Nf3 d6 3.d4 Nf6 4.Nc3 cxd4 5.Nxd4 a6 6.Be3 e5 7.Nb3 Be6 8.f3 Be7
9.Qd2 O-O 10.O-O-O Nbd7 11.g4 b5 12.g5 b4 13.Na4 Nh5 14.Qxb4 d5 15.Qa5 Bxg5
16.Bxg5 Qxg5+ 17.Kb1 dxe4 18.fxe4 Bg4 19.Rg1 Qf4 20.Re1 Ndf6 21.Qd2 Rfd8
22.Bd3 Qxd2 23.Nxd2 Nf4 24.Nc5 a5 25.Nc4 Re8 26.Nb7 a4 27.Rg3 h5 28.Bf1 Ra7
29.Nbd6 Rd8 30.Nb5 Rad7 31.Bd3 Nxd3 32.cxd3 Rxd3 33.Nxe5 Rd1+ 34.Rxd1 Rxd1+
35.Kc2 Rh1 36.Nxg4 Nxg4 37.h3 Rh2+ 38.Kc3 Nf2 39.Kd4 h4 40.Rc3 Nxh3 41.b3 Ng5
42.bxa4 Rxa2 43.Rc8+ Kh7 44.Nc3 Ra1  0-1

[Event "Ikaros Festival"]
[Site "Agios Kirykos GRE"]
[Date "2007.07.09"]
[Round "3"]
[White "Sidiropoulos,L"]
[Black "Gazis,Ef"]
[Result "0-1"]
[WhiteElo "1685"]
[BlackElo "2307"]

1.e4 c5 2.Nf3 d6 3.d4 cxd4 4.Nxd4 Nf6 5.Nc3 a6 6.Be3 e5 7.Nb3 Be7 8.Be2 O-O
9.O-O Be6 10.f4 Qc7 11.Nd2 b5 12.f5 Bc8 13.g4 h6 14.h4 b4 15.Na4 d5 16.g5 hxg5
17.hxg5 Nh7 18.Bh5 d4 19.g6 dxe3 20.gxh7+ Kh8 21.Nf3 Bd7 22.Qd5 Bc6 23.Qxe5 Bd6
24.Qd4 Bxa4 25.f6 g6 26.e5 Bc5 27.Qf4 e2+ 28.Rf2 Rd8 29.Kg2 Nd7 30.Bxg6 fxg6
31.Ng5 Bc6+ 32.Kg1 Nxe5 33.f7 Nf3+  0-1

[Event "Inautomarket Open"]
[Site "Minsk BLR"]
[Date "2007.07.10"]
[Round "1"]
[White "Zhigalko,A"]
[Black "Kornilovich,V"]
[Result "1-0"]
[WhiteElo "2529"]
[BlackElo "2170"]

1.e4 c5 2.Nf3 d6 3.d4 cxd4 4.Nxd4 Nf6 5.Nc3 a6 6.Be3 e5 7.Nb3 Be7 8.f3 Be6
9.Qd2 Nbd7 10.g4 Nb6 11.O-O-O Nfd7 12.Kb1 Rc8 13.h4 Qc7 14.h5 Nc4 15.Bxc4 Qxc4
16.Rh2 Qc7 17.g5 Nb6 18.Na5 Nc4 19.Nxc4 Qxc4 20.f4 b5 21.Nd5 Bxd5 22.exd5 f6
23.Rg1 Kd7 24.Rhg2 Rhf8 25.g6 h6 26.f5 Rc7 27.Rg4 e4 28.b3 Qc3 29.Qxc3 Rxc3
30.Rxe4 Rfc8 31.Rg2 Bd8 32.Bxh6 Rf3 33.Bf4 Ba5 34.b4 Bb6 35.Rge2 Rh8 36.h6 Rxf4
37.Rxf4 Rxh6 38.Rfe4 Bd8 39.Re8 Rh1+ 40.Kb2 Rf1 41.Rg8 Rxf5 42.Rxg7+ Kc8
43.Re8 Re5 44.Rxe5 fxe5 45.Rf7  1-0

[Event "Zudov Mem B"]
[Site "Nizhnij Tagil RUS"]
[Date "2007.07.11"]
[Round "5"]
[White "Kharous,E"]
[Black "Shestakov,D"]
[Result "1-0"]
[WhiteElo "2373"]
[BlackElo "2335"]

1.e4 c5 2.Nf3 d6 3.d4 cxd4 4.Nxd4 Nf6 5.Nc3 a6 6.Be3 Ng4 7.Bc1 Nf6 8.Be3 Ng4
9.Bg5 h6 10.Bh4 g5 11.Bg3 Bg7 12.h3 Ne5 13.Qd2 Nbc6 14.Nb3 b5 15.Nd1 Be6
16.c3 b4 17.Ne3 bxc3 18.bxc3 O-O 19.Be2 Qb6 20.O-O Nd7 21.Rab1 Qa7 22.f3 Rfc8
23.Bf2 Qc7 24.c4 a5 25.Nd5 Qd8 26.Na1 Nce5 27.Bb6 Qf8 28.Bxa5 Nxc4 29.Bxc4 Rxc4
30.Nb3 Bxd5 31.Qxd5 Ra4 32.Rfc1 Rxa2 33.Qb7 Ne5 34.Bc3 Rb8 35.Qd5 e6 36.Qd1 Qe7
37.Nd4 Rxb1 38.Rxb1 Qa7 39.Kh1 Nc4 40.Qb3 Ne3 41.Nc6 Qc7 42.Qxa2 Bxc3 43.Qa8+ Kg7
44.Rb3 Bd4 45.Rb7 Qxc6 46.Rxf7+ Kxf7 47.Qxc6  1-0

[Event "ChIP"]
[Site "Paris FRA"]
[Date "2007.07.13"]
[Round "7"]
[White "David,Alb"]
[Black "Guilleux,F"]
[Result "1-0"]
[WhiteElo "2529"]
[BlackElo "2203"]

1.e4 c5 2.Nf3 d6 3.d4 cxd4 4.Nxd4 Nf6 5.Nc3 a6 6.Be3 e6 7.g4 e5 8.Nf5 g6
9.Bg2 d5 10.Bg5 gxf5 11.Bxf6 Qxf6 12.Nxd5 Qd6 13.exf5 h5 14.Qe2 Bh6 15.Rd1 Nd7
16.Qc4 O-O 17.Nc7 Qc5 18.Qxc5 Nxc5 19.Nxa8 hxg4 20.Nb6 Bxf5 21.Rd5 Ne6 22.Rxe5 Bxc2
23.O-O Bf4 24.Rd5 Kg7 25.Re1 Rh8 26.h3 gxh3 27.Be4 Bxe4 28.Rxe4 Rh4 29.Kh1 Rg4
30.Re1 h2 31.Nc4 Rg6 32.Rf5 f6 33.a4 Bb8 34.Nd2 Be5 35.Nf3 Nd4 36.Nxd4 Bxd4
37.Kxh2 Be5+ 38.Kh1 Rg4 39.Rg1 Rxg1+ 40.Kxg1 Bxb2 41.Rd5 b5 42.axb5 axb5
43.Rxb5 Be5 44.Kg2 Kg6 45.Kf3 Bd4 46.Rd5 Ba7 47.Kg3 Bb8+ 48.f4 f5 49.Rd8 Bc7
50.Rd7  1-0

[Event "XXX Open"]
[Site "Barbera del Valles ESP"]
[Date "2007.07.14"]
[Round "9"]
[White "Vehi Bach,V"]
[Black "Alonso Rosell,A"]
[Result "1-0"]
[WhiteElo "2388"]
[BlackElo "2285"]

1.e4 c5 2.Nf3 d6 3.d4 cxd4 4.Nxd4 Nf6 5.Nc3 a6 6.Be3 Ng4 7.Bg5 h6 8.Bh4 g5
9.Bg3 Bg7 10.h3 Ne5 11.f3 Nbc6 12.Bf2 Nxd4 13.Bxd4 e6 14.Qd2 O-O 15.O-O-O b5
16.Bc5 Bd7 17.Bxd6 Qa5 18.a3 Rfd8 19.Qe3 Be8 20.Be2 Nc6 21.Bc5 Rab8 22.Rxd8 Qxd8
23.Rd1 Qf6 24.g3 Rd8 25.f4 Rxd1+ 26.Bxd1 gxf4 27.gxf4 h5 28.Qg3 Qg6 29.Qf3 Bh6
30.Kb1 Qf6 31.Be3 Kf8 32.e5 Qf5 33.Ne4 Bd7 34.Nf6  1-0

[Event "ch-Montenegro"]
[Site "Cetinje MNE"]
[Date "2007.07.14"]
[Round "4"]
[White "Djukic,Ni"]
[Black "Nikac,P"]
[Result "1-0"]
[WhiteElo "2531"]
[BlackElo "2358"]

1.e4 c5 2.Nf3 d6 3.d4 Nf6 4.Nc3 cxd4 5.Nxd4 a6 6.Be3 e5 7.Nb3 Be6 8.f3 Be7
9.Qd2 O-O 10.O-O-O b5 11.g4 Nc6 12.Nd5 Bxd5 13.exd5 Na7 14.h4 Nd7 15.Kb1 Qc7
16.Bd3 Nb6 17.Qe1 Nxd5 18.Bxa7 Rxa7 19.Bxh7+ Kxh7 20.Rxd5 Qc4 21.Rd3 Rc8
22.Rc3 Qe6 23.Qe4+ Kg8 24.Nd4 Qd7 25.Rxc8+ Qxc8 26.Nf5 Bf8 27.Ne3 Rc7 28.b3 Rc5
29.Rd1 Qc6 30.Kb2 Qxe4 31.fxe4 g6 32.g5 Be7 33.c4 bxc4 34.Nxc4 Rc6 35.Ne3 Bd8
36.Nd5 Kf8 37.Rc1 Rxc1 38.Kxc1 Ke8 39.Kc2 Kd7 40.Kc3 Kc6 41.Kb4 Kb7 42.a4 Kc6
43.a5 Kb7 44.Ka4 Kc6 45.b4 Kb7 46.b5 Ka7 47.b6+ Kb7 48.Kb4 Kc6 49.Kc4 Kb7
50.Nf6  1-0

[Event "Inautomarket Open"]
[Site "Minsk BLR"]
[Date "2007.07.14"]
[Round "5"]
[White "Zhigalko,A"]
[Black "Romanenko,Vl"]
[Result "1-0"]
[WhiteElo "2529"]
[BlackElo "2402"]

1.e4 c5 2.Nf3 d6 3.d4 cxd4 4.Nxd4 Nf6 5.Nc3 a6 6.Be3 e6 7.g4 b5 8.g5 Nfd7
9.a3 Nb6 10.h4 N8d7 11.h5 Bb7 12.g6 hxg6 13.hxg6 Rxh1 14.gxf7+ Ke7 15.Qg4 Qc8
16.Qxe6+ Kd8 17.Qe8+ Kc7 18.Ne6+ Kb8 19.Nxf8 Nxf8 20.Bxb6 Rh8 21.O-O-O Nd7
22.Qxc8+ Kxc8 23.Ba5 Bc6 24.Bb4 Rf8 25.Rxd6 Kc7 26.Rxc6+ Kxc6 27.e5 Nxe5
28.Bg2+ Kb6 29.Bxa8 Rxf7 30.Bg2 Nc4 31.Nd5+ Kc6 32.f4 Nb6 33.Ne3+ Kd7 34.f5 Nc4
35.Nxc4 bxc4 36.Kd2  1-0

[Event "Inautomarket Open"]
[Site "Minsk BLR"]
[Date "2007.07.14"]
[Round "5"]
[White "Aliavdin,N"]
[Black "Tihonov,J"]
[Result "1/2-1/2"]
[WhiteElo "2403"]
[BlackElo "2542"]

1.e4 c5 2.Nf3 d6 3.d4 cxd4 4.Nxd4 Nf6 5.Nc3 a6 6.Be3 e5 7.Nb3 Be6 8.f4 Ng4
9.Bd2 Qb6 10.Qf3 exf4 11.Qxf4 g6 12.Nd5 Bxd5 13.exd5 Ne5 14.Ba5 Qa7 15.Qf6 b6
16.Qxh8 bxa5 17.Qxh7 a4 18.Nd2 Nbd7 19.Qh3 Bg7 20.Ne4 Nf8 21.O-O-O Rb8 22.c3 a3
23.b3 f5 24.Ng5 Qf2 25.Rd2 Qe1+ 26.Rd1 Qf2 27.Rd2  1/2-1/2

[Event "Open A"]
[Site "Oberwart AUT"]
[Date "2007.07.15"]
[Round "9"]
[White "Ragger,M"]
[Black "Papp,Ga"]
[Result "1/2-1/2"]
[WhiteElo "2529"]
[BlackElo "2474"]

1.e4 c5 2.Nf3 d6 3.d4 cxd4 4.Nxd4 Nf6 5.Nc3 a6 6.Be3 e5 7.Nb3 Be7 8.Be2 Be6
9.Qd2 O-O 10.O-O-O Qc7 11.g4 Rc8 12.g5 Nh5 13.f4 Nxf4 14.Bxf4 exf4 15.Qxf4 Nc6
16.h4 Ne5 17.Kb1  1/2-1/2

[Event "XII Open"]
[Site "Balaguer ESP"]
[Date "2007.07.18"]
[Round "3"]
[White "Vehi Bach,V"]
[Black "Devangi,P"]
[Result "1-0"]
[WhiteElo "2388"]
[BlackElo "1944"]

1.e4 c5 2.Nf3 d6 3.d4 cxd4 4.Nxd4 Nf6 5.Nc3 a6 6.Be3 e5 7.Nb3 Be6 8.Qd2 Be7
9.f4 exf4 10.Bxf4 b5 11.O-O-O O-O 12.Be2 b4 13.Nd5 Nxe4 14.Qxb4 Nf2 15.Nxe7+ Qxe7
16.Bxd6 Qg5+ 17.Qd2 Qxd2+ 18.Rxd2 Rd8 19.Bf3 Nxh1 20.Bxa8 Nd7 21.Bf3 Nb6
22.Bc5 Rxd2 23.Nxd2 Nd7 24.Bd4 Nf6 25.Kd1 Bd5 26.Bxf6 Bxf3+ 27.Nxf3  1-0

[Event "Heart of Finland"]
[Site "Jyvaskyla FIN"]
[Date "2007.07.18"]
[Round "5"]
[White "Lauk,U"]
[Black "Johansson,Ju"]
[Result "1/2-1/2"]
[WhiteElo "2424"]
[BlackElo "2127"]

1.e4 c5 2.Nf3 d6 3.d4 cxd4 4.Nxd4 Nf6 5.Nc3 a6 6.Be3 e5 7.Nf3 Qc7 8.a4 b6
9.Bg5 Nbd7 10.Nd2 Bb7 11.Qf3 Be7 12.Bc4 O-O 13.Bxf6 Nxf6 14.Qd3 b5 15.Bb3 b4
16.Nd5 Nxd5 17.exd5 f5 18.Qc4 Qa5 19.f3 Rac8 20.Qd3  1/2-1/2

[Event "33rd Open"]
[Site "Sitges ESP"]
[Date "2007.07.18"]
[Round "1"]
[White "Gallego Bergada,A"]
[Black "Corrales Jimenez,F"]
[Result "0-1"]
[WhiteElo "1962"]
[BlackElo "2499"]

1.e4 c5 2.Nf3 d6 3.d4 cxd4 4.Nxd4 Nf6 5.Nc3 a6 6.Be3 e6 7.Qd2 b5 8.f3 Nbd7
9.Be2 Bb7 10.O-O Be7 11.Kh1 O-O 12.a3 Rc8 13.Rfd1 Ne5 14.Rac1 Nc4 15.Bxc4 Rxc4
16.b3 Rc8 17.a4 Qc7 18.Ndxb5 axb5 19.Nxb5 Qb8 20.Nxd6 Rcd8 21.e5 Bxd6 22.exd6 Rd7
23.c4 Bc6 24.Rb1 Rfd8 25.c5 Nd5 26.Qd4 Rb7 27.Qd3 Qa8 28.Bd2 Rdb8 29.h3 Nb4
30.Qd4 Bd5 31.Bc3 f6 32.Qg4 Kh8 33.Rd2 Qa7 34.Bd4 Nc6 35.Rdb2 Rb4 36.Rd1 e5
37.Qf5 Nxd4  0-1

[Event "XII Open"]
[Site "Balaguer ESP"]
[Date "2007.07.19"]
[Round "4"]
[White "Lopez Martinez,J"]
[Black "Roeder,M"]
[Result "1/2-1/2"]
[WhiteElo "2567"]
[BlackElo "2444"]

1.e4 c5 2.Nf3 d6 3.d4 cxd4 4.Nxd4 Nf6 5.Nc3 a6 6.Be3 e5 7.Nb3 Be7 8.f3 Be6
9.Qd2 O-O 10.O-O-O Qc7 11.g4 Rc8 12.g5 Nh5 13.Kb1 Nd7 14.Nd5 Bxd5 15.exd5 Nb6
16.Rg1 a5 17.a3 g6 18.h4 Bf8 19.Qf2 Nc4 20.Bxc4 Qxc4 21.Rg4 Qb5 22.Qf1 Qxf1
23.Rxf1 b5 24.Nd2 f5 25.Rg2 Bg7  1/2-1/2

[Event "Heart of Finland"]
[Site "Jyvaskyla FIN"]
[Date "2007.07.19"]
[Round "7"]
[White "Lauk,U"]
[Black "Kosmo,S"]
[Result "1/2-1/2"]
[WhiteElo "2424"]
[BlackElo "2243"]

1.e4 c5 2.Nf3 d6 3.d4 cxd4 4.Nxd4 Nf6 5.Nc3 a6 6.Be3 e6 7.Be2 Qc7 8.a4 b6
9.f4 Bb7 10.Bf3 Nbd7 11.Qe2 Be7 12.O-O O-O 13.Bf2 Rfe8 14.Bg3 e5 15.Nf5 Bf8
16.Qd2 b5 17.Rae1 b4 18.Nd5 Bxd5 19.fxe5 Nxe5 20.exd5 Qc5+ 21.Kh1 Nxf3 22.Rxf3 Ne4
23.Qf4 Nxg3+ 24.Qxg3 Rxe1+ 25.Qxe1 Qxc2 26.Rf1 Qxb2 27.Ne7+ Bxe7 28.Qxe7 Rf8
29.Qxd6 Qe2 30.Rc1 b3 31.Qb4 Qd3 32.d6 h6 33.h3 Rd8 34.Rc6 b2 35.Qxb2 Rxd6
36.Rxd6 Qxd6 37.a5 Qd3 38.Qe5 Kh7 39.Qc5 Kg8 40.Qc8+ Kh7 41.Qc5 f5 42.Qc6 f4
43.Kh2 Qg6 44.Qf3 Qf5 45.Qc6 Qg6 46.Qf3 Qf6 47.Qe4+ Kg8 48.Qe8+ Kh7 49.Qe4+ g6
50.Qb7+ Kg8 51.Qc8+ Kf7 52.Qb7+ Ke8 53.Qc8+ Ke7 54.Qb7+ Kf8  1/2-1/2

[Event "Sun Pawn Open"]
[Site "Ilichevsk UKR"]
[Date "2007.07.20"]
[Round "1"]
[White "Smirnov,I UKR"]
[Black "Vetoshko,V"]
[Result "1-0"]
[WhiteElo "2423"]
[BlackElo "1841"]

1.e4 c5 2.Nf3 d6 3.d4 cxd4 4.Nxd4 Nf6 5.Nc3 a6 6.Be3 e6 7.f3 Be7 8.Qd2 Qc7
9.g4 Nc6 10.O-O-O b5 11.g5 Nd7 12.Kb1 Bb7 13.Bd3 Rc8 14.h4 Nce5 15.h5 Nb6
16.Qf2 Nbc4 17.Bc1 b4 18.Nce2 Qa5 19.f4 Nd7 20.g6 Nf6 21.h6 gxh6 22.gxf7+ Kxf7
23.Qg2 Rhe8 24.Rxh6 Bf8 25.Rxf6+ Kxf6 26.e5+ Kf7 27.Qxb7+ Qc7 28.Qe4 Re7
29.Qxh7+ Ke8 30.Qg6+ Kd7 31.Nxe6 Rxe6 32.Bf5 Re8 33.Nd4  1-0

[Event "33rd Open"]
[Site "Sitges ESP"]
[Date "2007.07.20"]
[Round "3"]
[White "Martin Grillo,R"]
[Black "Corrales Jimenez,F"]
[Result "0-1"]
[WhiteElo "2203"]
[BlackElo "2499"]

1.e4 c5 2.Nf3 d6 3.d4 cxd4 4.Nxd4 Nf6 5.Nc3 a6 6.Be3 e6 7.Be2 b5 8.Bf3 b4
9.e5 dxe5 10.Nb3 Nbd7 11.Bxa8 bxc3 12.bxc3 Qc7 13.O-O Bd6 14.g3 h5 15.c4 h4
16.c5 Nxc5 17.Nxc5 Bxc5 18.Bxc5 Qxc5 19.Rb1 O-O 20.Bg2 Bd7 21.Qe2 Bc6 22.Qxa6 Bxg2
23.Kxg2 Qxc2 24.Rfe1 Qf5 25.h3 Ne4 26.Rb2 Ng5 27.Re3 Qxh3+ 28.Kg1 Rd8 29.Qf1 Qg4
30.Rd3 Nf3+ 31.Kg2 Ne1+ 32.Qxe1 Rxd3 33.Rb3 Qf3+ 34.Kh2 hxg3+ 35.fxg3 Rxb3
36.axb3 Qxb3 37.Qxe5 Qc2+ 38.Kg1 Qd1+ 39.Kh2 Qf3  0-1

[Event "XII Open"]
[Site "Balaguer ESP"]
[Date "2007.07.21"]
[Round "6"]
[White "Ashwin,J"]
[Black "Purushothaman,T"]
[Result "1-0"]
[WhiteElo "2399"]
[BlackElo "2224"]

1.e4 c5 2.Nf3 d6 3.d4 Nf6 4.Nc3 cxd4 5.Nxd4 a6 6.Be3 e5 7.Nb3 Be6 8.Qd2 Nbd7
9.O-O-O b5 10.f4 Be7 11.f5 Bc4 12.g4 Nxg4 13.Rg1 Nxe3 14.Qxe3 Qb6 15.Qg3 Nf6
16.Bxc4 bxc4 17.Qxg7 O-O-O 18.Qxf7 cxb3 19.Qxe7 Qe3+ 20.Kb1 bxc2+ 21.Kxc2 Nxe4
22.Rge1 Qf2+ 23.Re2 Rhe8 24.Rxf2  1-0

[Event "Czech Open GMA"]
[Site "Pardubice CZE"]
[Date "2007.07.21"]
[Round "2"]
[White "Ragger,M"]
[Black "Van Oosterom,C"]
[Result "0-1"]
[WhiteElo "2529"]
[BlackElo "2358"]

1.e4 c5 2.Nf3 d6 3.d4 cxd4 4.Nxd4 Nf6 5.Nc3 a6 6.Be3 e5 7.Nb3 Be6 8.f3 Be7
9.Qd2 O-O 10.O-O-O a5 11.Qe1 Qc8 12.a4 Na6 13.g4 Nb4 14.Kb1 Ne8 15.Qf2 Nc7
16.Bb6 Nca6 17.Bxa5 b6 18.Bxb4 Nxb4 19.Bb5 Qb7 20.Qd2 Rfc8 21.Nd5 Nxd5 22.exd5 Bd7
23.Qd3 Bxb5 24.axb5 Qa7 25.c3 Qa2+ 26.Kc2 Ra3 27.Nc1 Raxc3+ 28.Qxc3 Qa4+
29.b3 Rxc3+ 30.Kxc3 Qf4 31.Rhf1 Bf6 32.Kd3 Qxh2 33.Ne2 e4+ 34.fxe4 Qh3+ 35.Kd2 Qxb3
36.Rxf6 Qb2+ 37.Ke3 Qxf6 38.Rc1 g6 39.Rc6 Qa1 40.Kf2 Qa3 41.Nc3 Kg7 42.e5 dxe5
43.d6 Qb4 44.g5 Qh4+ 45.Ke2 Qxg5 46.Kd3 Qf4 47.Rc4 Qf1+  0-1

[Event "ch-Montenegro"]
[Site "Cetinje MNE"]
[Date "2007.07.22"]
[Round "11"]
[White "Mijovic,S"]
[Black "Ivanovic,B"]
[Result "0-1"]
[WhiteElo "2234"]
[BlackElo "2426"]

1.e4 c5 2.Nf3 d6 3.d4 cxd4 4.Nxd4 Nf6 5.Nc3 a6 6.Be3 e5 7.Nf3 Be7 8.Bg5 Nbd7
9.a4 O-O 10.Bc4 Nb6 11.Bxf6 Nxc4 12.Bxe7 Qxe7 13.b3 Na5 14.O-O Be6 15.Nd5 Bxd5
16.Qxd5 Nc6 17.Rfd1 Rad8 18.a5 Kh8 19.Ra4 f5 20.exf5 Rxf5 21.Nd4 Nxd4 22.Raxd4 Rxf2
23.Kxf2 exd4 24.Qxd4 Qc7 25.Qb6 Qxc2+ 26.Kg3 Re8 27.Rxd6 Qc3+ 28.Kf4 Qe5+
29.Kg4 h5+ 30.Kh3 Qf5+ 31.Kg3 h4+ 32.Kxh4 Re4+ 33.Kg3 Rg4+ 34.Kh3 Qh5+  0-1

[Event "XII Open"]
[Site "Balaguer ESP"]
[Date "2007.07.24"]
[Round "9"]
[White "Guliev,L"]
[Black "Ashwin,J"]
[Result "0-1"]
[WhiteElo "2454"]
[BlackElo "2399"]

1.e4 c5 2.Nf3 d6 3.d4 cxd4 4.Nxd4 Nf6 5.Nc3 a6 6.Be3 e5 7.Nf3 Qc7 8.a4 Be7
9.a5 Nbd7 10.Be2 O-O 11.O-O Nc5 12.Nd5 Nxd5 13.exd5 f5 14.Nd2 f4 15.Bxc5 Qxc5
16.Ne4 Qc7 17.c4 Bf5 18.f3 Bxe4 19.fxe4 b6 20.Qa4 bxa5 21.Qxa5 Qxa5 22.Rxa5 Rfb8
23.Rb1 Rb4 24.b3 Bd8 25.Ra3 Bb6+ 26.Kf1 a5 27.Rba1 Kf7 28.Bd1 Rb8 29.Ke2 g5
30.Kd3 Ra8 31.R1a2 Kg6 32.Ra4 Rxa4 33.Rxa4 Bc5 34.h3 h5 35.Be2 Kh6 36.Ra1 Bd4
37.Ra4 Bc5 38.Ra1 Ra7 39.Kc2 Bb4 40.Kd3 Rg7 41.Rh1 Bc5 42.Kc2 Bd4 43.Kd3 Rb7
44.Bd1 Kg6 45.Re1 g4 46.hxg4 hxg4 47.Rh1 Kg5 48.Rh8 f3 49.Rg8+ Kh6 50.Rxg4 f2
51.Rh4+ Kg6 52.Rh1 Rh7 53.Rf1 Kg5 54.Be2 Kf4 55.Kc2 Ke3 56.Bd3 Rg7 57.Rd1 Rxg2
58.Bf1 Rg1 59.Rd3+ Kxe4 60.Rd1 Kf3 61.Kd3 Bc5  0-1

[Event "Open NK"]
[Site "Dieren NED"]
[Date "2007.07.24"]
[Round "1"]
[White "Klein,D"]
[Black "Narayanan,Sr"]
[Result "0-1"]
[WhiteElo "1935"]
[BlackElo "2218"]

1.e4 c5 2.Nf3 d6 3.d4 cxd4 4.Nxd4 Nf6 5.Nc3 a6 6.Be3 e6 7.a4 Nc6 8.Be2 Be7
9.O-O O-O 10.Kh1 Qc7 11.f4 Re8 12.Bf3 Rb8 13.Qd2 Bf8 14.Nxc6 bxc6 15.a5 Nd7
16.Na4 c5 17.c4 Rb4 18.Qc2 d5 19.cxd5 exd5 20.Bd2 Rc4 21.Qb3 Rd4 22.Bc3 dxe4
23.Be2 Rd6 24.Bc4 Re7 25.Be5 Nxe5 26.fxe5 Rh6 27.Rxf7 Rxf7 28.Rf1 Qxe5 29.Bxf7+ Kh8
30.g3 e3 31.Be6 Bd6 32.Qb8 Rxh2+ 33.Kxh2 Qxg3+  0-1